Normal view
MARC view
- Robinson, Arthur H ,Morrison, Joel L ,Muehrcke, Phillip C
Entry Personal Name
001 - CONTROL NUMBER
- control field: 57672
003 - CONTROL NUMBER IDENTIFIER
- control field: NUST
005 - DATE AND TIME OF LATEST TRANSACTION
- control field: 20210628201955.0
008 - FIXED-LENGTH DATA ELEMENTS
- fixed length control field: 210628|| aca||aabn | a|a d
040 ## - CATALOGING SOURCE
- Original cataloging agency: NUST
- Transcribing agency: NUST
100 ## - HEADING--PERSONAL NAME
- Personal name: Robinson, Arthur H ,Morrison, Joel L ,Muehrcke, Phillip C
670 ## - SOURCE DATA FOUND
- Source citation: Work cat.: (NUST): Robinson, Arthur H ,Morrison, Joel L ,Muehrcke, Phillip C, Elements of cartography, 2002
